00697nam a2200181Ia 4500008004100000020001800041041000800059082001500067100001300082245012000095260002600215300000800241365001600249700001300265906005100278999001900329952016700348230718s9999 xx 000 0 und d a9780143132028 aeng a650.1bTRA aTracy B. aMaster Your Time Master Your LifebThe Breakthrough System To Get More Results, Faster, In Every Area Of Your Life c2016bTarcher Perigee a226 cRs.b250.00 aTracy B. dO:0554413-Jun-2017B:320204-May-2017cGENRLb55 c344738d344738 00104070aCCEPbCCEPd2017-06-13eTechnical Book ServicesfGENRLg195.00i3202l0o650.1pCCEP-BK-55945r2023-07-18 00:00:00t55v250.00w2017-05-04yBKz055945